00674 2200229 4500001002100000008004100021035002000062245009800082100002500180260004000205300003100245020002200276084001400298520002500312520001400337520001100351082000800362650002200370863003000392990001100422990001100433INLIS000000000015351 ind  a0010-1222000430 aYuk, Lebih Dekat Mengenal Tumbuh-tumbuhancBambang Joko Susilo; editor, Cikal Ringgin Paneduh aBAMBANG, Joko Susilo aJakarta :bBee Media Pustaka,c2022 avii, 61 hal.: ilus.c21 cm a978-602-6587-33-6 a580 BAM y aBibliografi : hal.57 aGlosarium aIndeks a580 aBIOLOGI. TUMBUHAN aSeri Pendidikan Adiwiyata a9879 a a9879 b